Why there is no need for a precise cadastre in England and Wales (Record no. 73126)

MARC details
000 -LEADER
fixed length control field 01372cam a2200229 4500
001 - CONTROL NUMBER
control field X123142
008 - FIXED-LENGTH DATA ELEMENTS--GENERAL INFORMATION
fixed length control field 030729n2003 000 0 eng u
035 ## - SYSTEM CONTROL NUMBER
System control number (Sirsi) u123142
100 ## - MAIN ENTRY--PERSONAL NAME
Personal name Powell, D.
245 ## - TITLE STATEMENT
Title Why there is no need for a precise cadastre in England and Wales
260 ## - PUBLICATION, DISTRIBUTION, ETC.
Date of publication, distribution, etc. 2003
490 ## - SERIES STATEMENT
Series statement Geomatics World
Volume/sequential designation 11(5) July/August 2003, 34-35(2)
520 ## - SUMMARY, ETC.
Summary, etc. Explains why precise cadastre is not needed in England and Wales and argues that the general boundaries principle is sufficient. Briefly outlines the general boundaries rule under the Land Registration Act 2002 s60 and highlights the provision for property owners to have their boundaries determined if required. Argues that OS Digital Mapping can be used for identifying general property limits and dismisses the argument that England and Wales should adopt precise cadastre because other countries have. Points out the high cost of introducing precise cadastre and discusses the idea that it would generate lots of work for geomaticians. Concludes that the general boundaries rule suits England and Wales and is likely to last into the next century.
650 ## - SUBJECT ADDED ENTRY--TOPICAL TERM
Topical term or geographic name entry element CADASTRE
650 ## - SUBJECT ADDED ENTRY--TOPICAL TERM
Topical term or geographic name entry element Geomatics
9 (RLIN) 6242
650 ## - SUBJECT ADDED ENTRY--TOPICAL TERM
Topical term or geographic name entry element PROPERTY OWNERS
650 ## - SUBJECT ADDED ENTRY--TOPICAL TERM
Topical term or geographic name entry element LAND REGISTRATION ACT 2002
650 ## - SUBJECT ADDED ENTRY--TOPICAL TERM
Topical term or geographic name entry element Boundary disputes
9 (RLIN) 6221
650 ## - SUBJECT ADDED ENTRY--TOPICAL TERM
Topical term or geographic name entry element LAND REGISTRATION
690 ## - LOCAL SUBJECT ADDED ENTRY--TOPICAL TERM (OCLC, RLIN)
Topical term or geographic name as entry element PROPERTY
942 ## - ADDED ENTRY ELEMENTS (KOHA)
Suppress in OPAC 0
Holdings
Withdrawn status Lost status Source of classification or shelving scheme Damaged status Not for loan Home library Current library Shelving location Date acquired Total Checkouts Full call number Barcode Date last seen Copy number Price effective from Koha item type
    Dewey Decimal Classification     London London Journal article 29/07/2003   X123142 123142-1001 06/08/2019 1 06/08/2019 Journal article